Los perros rojos

Saved in:
Bibliographic Details
Main Author: Kipling, Rudyard (Author)
Format: Book
Language:Spanish
Published: Barcelona Vicens Vives 2004
Edition:1a. ed
Subjects:
Tags: Add Tag
No Tags, Be the first to tag this record!

MARC

LEADER 00000nam a2200000 a 4500
001 UCH9436
003 CL-VaPUC
008 100107e20040000SP |||||||||||||||||spa|d
020 |a 9788431677336 
082 0 4 |a 823  |b KIP  |2 21 
100 |a Kipling, Rudyard  |e author  |9 345267 
245 1 4 |a Los perros rojos 
246 1 3 |a El ankus del rey 
250 |a 1a. ed 
300 |a 101 p 
942 |c BK 
945 |d 20100107 00:00:00  |a dcastane 
260 |a Barcelona  |b Vicens Vives  |c 2004 
650 0 |a Literatura inglesa  |9 312907 
650 0 |a Novelas inglesas  |9 265220 
650 0 |a Poesía inglesa   |9 264944 
583 |a last modification  |c 20100107 00:00:00  |k Rodrigo Vera 
999 |c 339404  |d 339402